| 000 | 00399nam a22001337a 4500 | ||
|---|---|---|---|
| 027 | _qPB | ||
| 040 | _cFIZZA ISHAQ | ||
| 082 |
_a616.85227 _bBAE |
||
| 100 |
_a Baer , Lee. _9133744 |
||
| 245 |
_aGetting Control: Overcoming Your Obsessions and Compulsions / _cLee Baer. |
||
| 260 |
_aNew York: _b Penguin Publishing Group, _c1991. |
||
| 300 |
_a258 P. ; _c5.31 x 0.65 x 8 inches |
||
| 942 |
_2ddc _cBK |
||
| 999 |
_c616702 _d616702 |
||